Reflections on a Pastoral Ministry in a Plurastic (Record no. 21884)

MARC details
000 -LEADER
fixed length control field 00371nam a2200109Ia 4500
100 ## - MAIN ENTRY--AUTHOR NAME
Author name Ernest W.Talibuddin
245 #0 - TITLE STATEMENT
Title Reflections on a Pastoral Ministry in a Plurastic
500 ## - GENERAL NOTE
General note The Bulletin of the Henry Martyn Institute of Islamic Studies Jan-June 1996
650 ## - SUBJECT ADDED ENTRY--TOPICAL TERM
Topical Term Interfaith Relations and Dialogue
942 ## - ADDED ENTRY ELEMENTS (KOHA)
Koha item type Book Reviews

No items available.

                   Copyright © 2026 | Henry Martyn Institute | Hyderabad | TS-500052 | INDIA | Implemented by hmi.edu.in
Hit-Count:

Powered by Koha